1657 1462 1830 1693 1693 1107 1178 1490 1641 1885 1808 1325 1105 1629 1191 1679 1790 1169 1682 1842 1891 1654 1190 1998 1094 1228 1607 1716 1659 1451 1981 1699 1272 1389 1731 1328 1179 1690 1125 1200 1569 1121 1984 1888 1183 1493 1470 1934 1059 1696 1554 1411 1006 1103 1787 1351 1734 1532 1311 1359 1760 1658 1043 1973 1916 1893 1693 1203 1404 1831 1610 1547 1656 1060 1500 1460 1272 1489 1710 1419 1129 1094 1616 1521 1604 1212 1535 1558 1839 1156 1039 1598 1736 1628 1548 1070 1359 1500 1462 BCNSPRNW ULIB Ver.6.0+V

เปลี่ยนเป็นภาษาไทย

Change to English
 แสดงรายละเอียดบรรณานุกรม
  กลับหน้าหลัก

Brief Record : Get Marc (ISO 2709) : E-mail record : QR code < ปิดหน้าต่าง
LEADER : 00000nam 2200000uu 4500
001    13399123567
003     ULIB
008    141009s2556||||th 000 0 tha d
020    ^a9786169144632
060  4 ^aWY18^bส15ค
100    ^aสุปาณี เสนาดิสัย, บรรณาธิการ
245    ^aคู่มือการรับรองสถาบันการศึกษาวิชาการพยาบาลและการผดุงครรภ์สำหรับสถาบันการศึกษาที่มีผู้สำเร็จการศึกษาหลักสูตรพยาบาลศาสตรบัณฑิต/^cบรรณาธิการ, สุปาณี เสนาดิสัย,
250    ^aพิมพ์ครั้งที่ 1.
260    ^aกรุงเทพฯ :^bจุดทอง,^c2556
300    ^a230 หน้า
650    ^aการรับรองสถาบันการศึกษา--การพยาบาล
945    ^p100^l0^i21271
945    ^p100^l0^i21272
945    ^p100^l0^i21273
945    ^p100^l0^i21274
945    ^p100^l0^i21275
999    ^aทศพร เกษรทอง
รายการนี้ยังไม่มีแท็ก
คุณยังไม่ได้ล็อกอิน คุณสามารถมีกิจกรรมร่วมกับเว็บไซต์ได้ แต่ต้องล็อกอินก่อน ::
  ล็อกอิน

รายการสื่อสารสนเทศ

ลำดับที่ ประเภท เลขเรียก/บาร์โค้ด สถานที่ สถานะ
1. วิทยาศาสตร์การแพทย์ และสุขภาพ
วิทยาศาสตร์การแพทย์ และสุขภาพ
สถานะ=หนังสือเก่า
WY18 ส15ค ฉ.1 
  Barcode: 21271
ห้องสมุดวิทยาเขตนครสวรรค์
►ส่วนจัดเก็บหนังสือเก่า นว.
บนชั้น
  ขอยืม
2. วิทยาศาสตร์การแพทย์ และสุขภาพ
วิทยาศาสตร์การแพทย์ และสุขภาพ
สถานะ=หนังสือเก่า
WY18 ส15ค ฉ.2 
  Barcode: 21272
ห้องสมุดวิทยาเขตนครสวรรค์
►ส่วนจัดเก็บหนังสือเก่า นว.
บนชั้น
  ขอยืม
3. วิทยาศาสตร์การแพทย์ และสุขภาพ
วิทยาศาสตร์การแพทย์ และสุขภาพ
สถานะ=หนังสือเก่า
WY18 ส15ค ฉ.3 
  Barcode: 21273
ห้องสมุดวิทยาเขตนครสวรรค์
►ส่วนจัดเก็บหนังสือเก่า นว.
บนชั้น
  ขอยืม
4. วิทยาศาสตร์การแพทย์ และสุขภาพ
วิทยาศาสตร์การแพทย์ และสุขภาพ
สถานะ=หนังสือเก่า
WY18 ส15ค ฉ.4 
  Barcode: 21274
ห้องสมุดวิทยาเขตนครสวรรค์
►ส่วนจัดเก็บหนังสือเก่า นว.
บนชั้น
  ขอยืม
5. วิทยาศาสตร์การแพทย์ และสุขภาพ
วิทยาศาสตร์การแพทย์ และสุขภาพ
สถานะ=หนังสือเก่า
WY18 ส15ค ฉ.5 
  Barcode: 21275
ห้องสมุดวิทยาเขตนครสวรรค์
►ส่วนจัดเก็บหนังสือเก่า นว.
บนชั้น
  ขอยืม

รายการใกล้เคียง
    ผู้แต่ง [สุปาณี เสนาดิสัย, บรรณาธิการ]

    หัวเรื่อง [การรับรองสถาบันการศึกษา--การพยาบาล]

BibComment


ยังไม่เคยถูกคอมเมนท์

คอมเมนท์ทรัพยากรรายการนี้
  คอมเมนท์: คู่มือการรับรองส..


 Copyright 2026. Bcnsprnw @Library